• 首页
  • 本馆介绍
  • 公告通知
  • 最新文献
  • 馆藏检索
  • 电子资源
  • 读者导购
  • 参考咨询
  • 我的图书馆
  • 登录
  • 详细信息显示
  • 放入我的书架
  • 预约/预借图书
  • 作者相关作品
  • 分类相关作品
  • 丛书相关作品
  • 出版社相关作品

书目信息

  • 表格格式
  • 工作单格式
  • 卡片格式
题名:
怎样纠正逻辑错误
    
 
作者: 秦豪 编
分册:  
出版信息: 杭州   浙江教育出版社  1984
页数: 170页
开本: 19cm
丛书名:
单 册:
中图分类: B812-49
科图分类:
主题词: 形式逻辑--通俗读物
电子资源:
ISBN:
000 00599nam0 2200229 45
001 0184010699
005 20060911153343.10
010    @dCNY0.49
091    @aCN@b7346.137
100    @a19950630d1984 em y0chiy0121 ea
101 0  @achi
102    @aCN@b330000
105    @ay z 000yy
200 10 @a怎样纠正逻辑错误@Azen yang jiu zheng luo ji cuo wu@f秦豪编
210    @a杭州@c浙江教育出版社@d1984
215    @a170页@d19cm
606    @a形式逻辑@x通俗读物
690    @aB812-49@v3
701  0 @a秦豪@Aqin hao@4编
801  2 @aCN@bNLC@c20060911
801  0 @aCN@bTSSF
905    @a10447@dB812-49@e172
    
    怎样纠正逻辑错误/秦豪编.-杭州:浙江教育出版社,1984
    170页;19cm
    
    
    ISBN :CNY0.49
    
●
相关链接 在E读中查询图书 在五车中查询图书 在当当中查询图书 在豆瓣中查询图书


正题名:怎样纠正逻辑错误     索取号:B812-49/172         预约/预借

序号 登录号 条形码 馆藏地/架位号 状态 备注
1 0472015   204720150   密集书库/ [索取号:B812-49/172] 在馆    
唐山师范学院图书馆 欢迎您!
大连网信软件有限公司© 版权所有